000 00838nam a22002535i 4500
003 EG-ScBUE
005 20250601093714.0
008 180401s2010 enka f 000 0 eng d
020 _a9780953634576
040 _aEG-ScBUE
_beng
_erda
_cEG-ScBUE
_dEG-ScBUE
043 _ae-uk---
082 0 4 _a520.71
_bMAR
_222
100 1 _aMarshall, Nigel,
_eauthor.
245 1 0 _aGCSE astronomy :
_ba guide for pupils and teachers /
_cNigel Marshall.
250 _aFourth edition.
264 1 _aDerbyshire [England] :
_bMickledore Publishing,
_c2010.
300 _a64 pages :
_bcolor illustrations ;
_c28 cm
336 _2rdacontent
_atext
_btxt
337 _aunmediated
_2rdamedia
_bn
338 _avolume
_bnc
_2rdacarrier
650 7 _aAstronomy
_xStudy and teaching (Secondary)
_zGreat Britain.
_2BUEsh
655 _vReading book
942 _2ddc
_cBB
999 _c26442
_d26414